[Event "Las Americas op U1800 Hybrid"]
[Site "Internet"]
[Date "2022.06.04"]
[Round "3.28"]
[White "Vargas Saldana, Rafael"]
[Black "Hernandez Gonzalez, Norkis Emelina"]
[Result "1-0"]
[WhiteElo "1623"]
[BlackElo "1005"]
[PlyCount "117"]
[EventDate "2022.06.04"]
[EventType "swiss"]
[EventRounds "6"]
[EventCountry "VEN"]
[SourceTitle "EXT 2024"]
[Source "ChessBase"]
[SourceDate "2023.10.10"]
[SourceVersion "1"]
[SourceVersionDate "2023.10.10"]
[SourceQuality "1"]

1. e4 e6 2. d4 d5 3. e5 Ne7 4. b4 b6 5. b5 c6 6. Ba3 Nd7 7. bxc6 Nxc6 8. Bxf8 Nxf8 9. Nf3 Ng6 10. h4 Bd7 11. a3 Nge7 12. Nc3 a6 13. Rb1 b5 14. Qd2 Na5 15. Nd1 Nc4 16. Bxc4 dxc4 17. Ne3 Bc6 18. c3 Bxf3 19. gxf3 Nd5 20. Nxd5 Qxd5 21. Ke2 0-0 22. Rhg1 f6 23. Qh6 Ra7 24. exf6 Rxf6 25. Qxf6 Rf7 26. Rxg7+ Rxg7 27. Qe5 Qxe5+ 28. dxe5 Rb7 29. a4 Kf7 30. h5 Kg7 31. Ke3 Kh6 32. f4 Kxh5 33. axb5 axb5 34. Ke4 Kg6 35. Rg1+ Kf7 36. f5 exf5+ 37. Kxf5 Rb6 38. Rh1 h6 39. Ra1 Rb7 40. f4 b4 41. cxb4 c3 42. Rc1 Rc7 43. b5 Rc5 44. b6 c2 45. b7 Rb5 46. b8Q Rxb8 47. Rxc2 Rb5 48. Rc7+ Ke8 49. Rh7 Kf8 50. Rxh6 Kg7 51. Rd6 Kf7 52. Rd7+ Ke8 53. Rh7 Kf8 54. Kf6 Kg8 55. Rd7 Rb8 56. f5 Rf8+ 57. Kg6 Rc8 58. f6 Kf8 59. Rh7 1-0

[Event "Las Americas op U1800 Hybrid"]
[Site "Internet"]
[Date "2022.06.04"]
[Round "5.11"]
[White "Vargas Saldana, Rafael"]
[Black "Iporre Escobar, Sergio"]
[Result "0-1"]
[WhiteElo "1623"]
[BlackElo "1538"]
[PlyCount "94"]
[EventDate "2022.06.04"]
[EventType "swiss"]
[EventRounds "6"]
[EventCountry "VEN"]
[SourceTitle "EXT 2024"]
[Source "ChessBase"]
[SourceDate "2023.10.10"]
[SourceVersion "1"]
[SourceVersionDate "2023.10.10"]
[SourceQuality "1"]

1. e4 e5 2. Nc3 Nf6 3. Bc4 Bc5 4. Nf3 d6 5. d3 Bg4 6. h3 Bh5 7. g4 Bg6 8. Nh4 Nbd7 9. Nxg6 hxg6 10. Na4 Bb6 11. c3 Nc5 12. Nxb6 axb6 13. b4 Ne6 14. Qf3 Qd7 15. Bb3 Ke7 16. Bd2 c5 17. Bxe6 Qxe6 18. c4 Ra4 19. Qd1 Rha8 20. Qb3 Nd7 21. b5 Qf6 22. Ke2 g5 23. h4 gxh4 24. g5 Qe6 25. Rxh4 Nf8 26. f3 Ra3 27. Qb2 Qg6 28. Bc1 Ne6 29. Qb1 Nd4+ 30. Kf2 Rc3 31. Be3 Raa3 32. Bxd4 cxd4 33. Rg4 Rxd3 34. Qh1 Rd2+ 35. Kg3 Qe6 36. Qh8 Qxc4 37. Qh1 Qe2 38. Rf1 Raxa2 39. Rh4 Qg2+ 40. Qxg2 Rxg2+ 41. Kh3 Rh2+ 42. Kg4 Rag2+ 43. Kh5 g6+ 44. Kh6 Rxh4+ 45. Kg7 Rgh2 46. f4 Rh7+ 47. Kg8 Rh8+ 0-1